A study on Conceptual Metaphors in English and Vietnamese Political Speeches /

সংরক্ষণ করুন:
গ্রন্থ-পঞ্জীর বিবরন
প্রধান লেখক: Hoàng ,Thiên Trang
বিন্যাস: গ্রন্থ
ভাষা:English
প্রকাশিত: DHNN, 2014.
বিষয়গুলি:
ট্যাগগুলো: ট্যাগ যুক্ত করুন
কোনো ট্যাগ নেই, প্রথমজন হিসাবে ট্যাগ করুন!
Thư viện lưu trữ: Mạng thư viện Đại học Đà Nẵng
LEADER 01195nam a22003371a 4500
001 000041290
003 17590
005 20230313101604.0
008 170424s2014 vm 000 eng
040 |a LNN 
041 |a eng 
082 |a 425  |b HO-T 
100 |a Hoàng ,Thiên Trang 
245 2 |a A study on Conceptual Metaphors in English and Vietnamese Political Speeches /  |c Hoàng Thiên Trang. 
260 |a DHNN,  |c 2014. 
300 |a 66tr . : ill ; 30cm. 
650 |a Conceptual Metaphors in English, Conceptual Metaphors in English and Vietnamese Political Speeches. 
852 |b P.Doc  |c Luận văn sinh viên 
OWN |a LNN 
AVA |a UDN50  |b LNN  |c English  |d 425 HO-T  |e available  |t Error 5001 Not defined in file expand_doc_bib_avail.  |f 1  |g 0  |h N  |i 0  |j AN  |k 1 
999 |a From the UDN01 
AVA |a UDN50  |b LNN  |c English  |d 425 HO-T  |e available  |t Error 5001 Not defined in file expand_doc_bib_avail.  |f 1  |g 0  |h N  |i 0  |j AN  |k 1 
TYP |a Monograph 
TYP |a Printed language 
980 |a Mạng thư viện Đại học Đà Nẵng